000
00251nam a2200097Ia 4500
001
804970
005
20250826171143.0
008
250824s9999 xx 000 0 und d
245
0
_a
OLAĞANÜSTÜ BİR GECE
_c
STEFAN ZWEIG
260
_b
İŞ BANKASI YAYINLARI
999
_c
804970
_d
804970